| 000 | 00978cam a22003018a 4500 | ||
|---|---|---|---|
| 001 | 13693496 | ||
| 003 | OSt | ||
| 005 | 20231213141943.0 | ||
| 008 | 040820s2004 nyu b 001 0 eng | ||
| 010 | _a 2004056728 | ||
| 020 | _a0273686550 (alk. paper) | ||
| 040 |
_aDLC _cDLC |
||
| 042 | _apcc | ||
| 050 | 0 | 0 |
_aHD30.213 _b.C43 2004 |
| 082 | 0 | 0 |
_a658.403 CHA 2005 _222 |
| 100 | 1 |
_aChaffey, Dave; Wood, Steve _95313 |
|
| 245 | 1 | 0 |
_aBusiness Information Management : _bimproving performance using information systems |
| 260 |
_aNew York : _bFinancial Times Prentice Hall, _c2004. |
||
| 263 | _a0411 | ||
| 300 | _ap. cm. | ||
| 504 | _aIncludes bibliographical references and index. | ||
| 650 | 0 |
_aManagement information systems. _95366 |
|
| 650 | 0 |
_aInformation resources management. _95304 |
|
| 650 | 0 |
_aBusiness _95367 |
|
| 906 |
_a7 _bcbc _corignew _d1 _eocip _f20 _gy-gencatlg |
||
| 942 |
_2z _cSLOAN |
||
| 999 |
_c2067 _d2067 |
||